Wird geladen...
National Parks of India
| 1. Verfasser: | |
|---|---|
| Format: | Printed Book |
| Veröffentlicht: |
New Delhi, Ministry of Broadcasting
1995
|
| Schlagworte: |
| LEADER | 004760000a22001450004500 | ||
|---|---|---|---|
| 082 | |a 580.744 BIS | ||
| 100 | |a Bisht, R S |9 151279 | ||
| 245 | |a National Parks of India | ||
| 260 | |a New Delhi, Ministry of Broadcasting | ||
| 260 | |c 1995 | ||
| 650 | |a National Parks of India |9 151280 | ||
| 650 | |a Parks, National |9 151281 | ||
| 942 | |c BK | ||
| 999 | |c 180956 |d 180952 | ||
| 952 | |0 0 |1 0 |4 0 |6 580_744000000000000_BIS |7 0 |9 179565 |a SES |b SES |d 2019-05-16 |l 0 |o 580.744 BIS |p SESG0007 |r 2019-05-16 |w 2019-05-16 |y BK | ||